000 02012cam a22004934i 4500
003 PE-LiUPU
005 20250731173107.0
008 181210s2018 miua r 001 0 eng d
020 _a0825444071
020 _a9780825444074
035 _a(Sirsi) a250973
040 _aPE-LiUPU
_bspa
_cPE-LiUPU
_erda
049 _aPRUA
082 0 4 _a270
_bC77
_223
100 1 _aCooper, Derek,
_d1978-,
_eautor.
245 1 0 _aSinners and saints :
_bthe real story of early Christianity /
_cDerek Cooper.
264 1 _aGrand Rapids, MI :
_bKregel Academic,
_c[2018].
300 _a176 páginas :
_bilustraciones ;
_c23 centímetros.
336 _atext
_2rdacontent
337 _aunmediated
_2rdamedia
338 _avolume
_2rdacarrier
490 0 _aReal church history
504 _aÍndice : páginas 175-176.
505 _aLiving in the real world daily life -- Leading with a limp flawed leadership -- Marching toward death martyrs and saints -- Going to church faith and practice -- Arguing with pagans and jewa apologetics -- Drawing a family tree theology and ecclesiology -- Reading in the forbidden section the other christian bible -- Serving God and money -- Putting sex on trial gender and religion -- Converting the nations missions and society -- Conclusion the iron and rust age of christianity.
526 _aSEG42
526 _aSEG41
526 _aSEG40
526 _aSEG39
526 _aP94
526 _aP87
526 _aP86
526 _aP85
526 _aP77
526 _aP76
526 _aP35
650 0 4 _aCristianismo.
650 0 4 _aHistoria de la iglesia.
_9469
910 _adbm
_bjpc
_cjpc
_d201812010
942 _2ddc
_cBOOK
994 _aC0
_bPEPRUE
596 _a1
999 _a270 C77
_wDEWEY
_c30430
_i79081
_f2021-11-11
_g3
_lCCODEBUL1
_mBUL
_p10.49
_r0
_sY
_tBOOK
_u2018-12-10
_xTEOLOGIA
_PP85
_0DONACION
_1FCOMPR2
_o.STAFF. Colección Teología
_d30430
980 _81
_gALBERTO SANCHEZ Responsable de Automatización